Capitali del Mondo - Territori e dipendenze - Statistics

Statistiche generali
  • Questo quiz è stato fatto 27 volte
    26 dall'ultimo reset
  • Il punteggio medio è 13 su 49
Statistiche sulle risposte
Hint Risposta % Corretto
Kosovo Pristina
95%
Scozia Edimburgo
91%
Hong Kong Hong Kong
91%
Irlanda del Nord Belfast
73%
Galles Cardiff
73%
Taiwan Taipei
73%
Gibilterra Gibilterra
68%
Macao Macao
64%
Groenlandia Nuuk
59%
Polinesia Francese Papeete
45%
Porto Rico San Juan
41%
Bermuda Hamilton
36%
Cipro del Nord Lefkosa / Nicosia Nord
36%
Aruba Oranjestad
32%
Sint Eustatius Oranjestad
32%
Isole Faroe Torshavn
32%
Isola di Man Douglas
27%
Isole Falkland Stanley
27%
Transnistria Tiraspol
27%
Isole Pitcairn Adamstown
23%
Guam Hagatna
23%
Niue Alofi
18%
Guadalupa Basse-Terre
18%
Isole Cayman George Town
18%
Sant'Elena, Ascensione e Tristan da Cunha Jamestown
18%
Samoa Americane Pago Pago
18%
Saint Pierre e Miquelon Saint-Pierre
18%
Saba The Bottom
18%
Isole Vergini USA Charlotte Amalie
14%
Somaliland Hargeisa
14%
Jersey Saint Helier
14%
Anguilla The Valley
14%
Curaçao Willemstad
14%
Isole Cook Avarua
9%
Isole Turks and Caicos Cockburn Town
9%
Martinica Fort-de-France
9%
Bonaire Kralendijk
9%
Sahara Occidentale Laayoune / El Aaiun
9%
Guernsey Saint Peter Port
9%
Nuova Caledonia Noumea
5%
Sint Maarten Philipsburg
5%
Abcasia Sukhumi
5%
Tokelau Atafu
0%
Montserrat Brades
0%
Saint-Barthélemy Gustavia
0%
Saint-Martin (parte francese) Marigot
0%
Wallis e Futuna Mata-Utu
0%
Artsakh Stepanakert
0%
Ossezia del Sud Tskhinvali
0%
Nessun quiz corrispondente trovato
Distribuzione punteggi
Percentuale di utenti per punteggio
Percentile per numero di risposta
I tuoi punteggi nel tempo
Non hai fatto questo quiz dall'ultimo reset